Регионална библиотека "Любен Каравелов" - Русе

12 седмици за по-буден ум (Запис номер 490628)

MARC детайли
000 -Лидер
Лидер 01604nam a2200361 a 4500
003 - Код на организацията, давaща контролен номер
Код на организацията, даваща контролен номер BLK
005 - Дата и час на последна редакция
Дата и час на последна редакция 20241012144014.0
008 - Елементи от данни с фиксирана дължина
Елементи с фиксирана дължина 240610b bul|||||r ||||||| ||bul||
020 ## - Международен стандартен номер на книга ISBN
ISBN 9789547695481
040 ## - Източник на каталожния запис
Код на библиотеката BLK
041 ## - Код за език
Език Български
Език за КДБФ Български
080 ## - УДК
УДК текст Нервна система. Сетивни органи
УДК код 612.8
УДК – код + определител 612.8
080 ## - УДК
УДК текст Сетивно познание. Усещания и възприятия
УДК код 159.93
УДК – код + определител 159.93
9 (RLIN) 238475
080 ## - УДК
УДК текст Висши психически процеси
УДК код 159.95
УДК – код + определител 159.95
9 (RLIN) 229399
100 1# - Редна дума - Автор
Автор Гупта, Санджей
R(LIN) 327625
245 10 - Сведения за заглавието
Заглавие 12 седмици за по-буден ум
Подзаглавни данни Програма. Как да развиваме ума си на всяка възраст
Авторска отговорност Санджей Гупта, Кристин Лобърг; прев. от англ. Надежда Розова.
257 ## - Страна на издаване
Страна на създаване/издаване Съединени американски щати
260 ## - Област на издателските данни
Място на издаване София
Име на издателя Обсидиан
Година на издаване 2023
9 (RLIN) 209460
300 ## - Физическа характеристика
Брой страници 232 с.
Размер 20 см
380 ## - Жанр
Жанр Медицина
500 ## - Общи забележки
Обща забележка Ориг. загл. 12 weeks to a sharper you/ Sanjay Gupta.
650 #7 - Допълнително описание по предмет – тема
9 (RLIN) 163155
Предметна рубрика Навици
653 #7 - Ключова дума – ненормативна
Ключови думи контрол на ума
9 (RLIN) 189112
700 1# - Други автори (авторска отговорност)
Друг автор Лобърг, Кристин
Авт. отговорност на др. автор съавт.
9 (RLIN) 89323
700 ## - Други автори (авторска отговорност)
Друг автор Розова, Надежда Иванова
9 (RLIN) 1021
Авт. отговорност на др. автор прев. от англ.
852 ## - Местоположение
Систематично-азбучна сигнатура 612.8/Г 92 С
852 ## - Местоположение
Сигнатура (форматна) Цб 323086
Отдел Хранилище
856 4# - Електронен адрес и достъп
Електронен формат pdf - файл
Инструкция (цена за достъп) 0.00
Права за достъп disable
856 4# - Електронен адрес и достъп
Електронен формат pdf - файл
Инструкция (цена за достъп) 0.00
Права за достъп disable
942 ## - АРТИКУЛИ
Вид на библиотечния документ Книги
Скрит в OPAC Не
Koha issues (borrowed), all copies 6
Периодичен библиозапис Да
944 ## - СЪЗДАВАНЕ И РЕДАКЦИЯ на ЗАПИСА
Създаване/Редакция Създаване
Дата на регистрацията/редакция 2023-04-26
Служител, извършил регистрацията/редакцията 30550
Номер на служител Кети Илиева
999 ## - СИСТЕМНИ КОНТРОЛНИ НОМЕРА
Koha biblionumber 490628
Koha biblioitemnumber 490628
Наличности
Код за отписване Код за изгубен артикул Източник на класификационната схема Код за повреда Коз за рестрикции Код за отдаване Артикулен № Име на библиотеката - собственик Име на библиотеката, в която се намира в момента Статус (Текущо местоположение) Дата на вписване в системата Местоположение - отдел Цена в лева Инвентарен номер Систематично азбучна сигнатура Баркод Цена в евро Служебен тип на артикула
  Изгубен Universal Decimal Classification Не е повреден без рестрикции заемане за дома 927516 Регионална библиотека "Любен Каравелов" Русе Регионална библиотека "Любен Каравелов" Русе Заемна - подръчен фонд 2023-04-26 Заемна - подръчен фонд 14.25 120000886706 612.8/Г 92 С 120000886706 7.29 Книги
  Не е изгубен Universal Decimal Classification Не е повреден без рестрикции заемане за дома 927517 Регионална библиотека "Любен Каравелов" Русе Регионална библиотека "Любен Каравелов" Русе Заемна - подръчен фонд 2023-04-26 Заемна - подръчен фонд 14.25 120000886707 612.8/Г 92 С 120000886707 7.29 Книги
  Не е изгубен Universal Decimal Classification Не е повреден само за читалня ползва се в читалня 943791 Регионална библиотека "Любен Каравелов" Русе Регионална библиотека "Любен Каравелов" Русе Хранилище 2024-06-11 Хранилище 19.00 120000908898 Цб 323086 120000908898 9.71 Книги
Vip Innovations Ltd, Rousse, Bulgaria 2025